| 000 | 00440cam a2200157ua 4500 | ||
|---|---|---|---|
| 003 | OSt | ||
| 008 | 240123b |||||||| |||| 00| 0 eng d | ||
| 020 | _a81 7023 963 x | ||
| 041 | _aeng | ||
| 082 |
_a664.02853 _bPRU/QU |
||
| 100 |
_aPrathi, J S . _95761 |
||
| 245 | _aQuick freezing preservation of foods vol-2 foods of plant origin / | ||
| 260 |
_aMumbai : _bAllied Publishers Pvt Ltd , _c1999. |
||
| 300 | _a535 ; . | ||
| 942 | _cBK | ||
| 999 |
_c10140 _d10140 |
||